Statistiques concernant Capitales Européennes

Cliquez ici pour prendre le quiz!

Statistiques générales

  • Ce quiz a été pris 1 414 fois
  • Le résultat moyen est 35 sur 45

Statistiques - réponses

PaysCapitale% Correct
AllemagneBerlin
99%
BelgiqueBruxelles
98%
EspagneMadrid
96%
FranceParis
96%
ItalieRome
96%
GrèceAthènes
95%
AutricheVienne
95%
IrlandeDublin
93%
LuxembourgLuxembourg
93%
MonacoMonaco
92%
PortugalLisbonne
91%
Pays-BasAmsterdam
90%
Royaume-uniLondres
90%
RussieMoscou
89%
DanemarkCopenhague
88%
AndorreAndorre-la-Vieille
86%
HongrieBudapest
86%
FinlandeHelsinki
86%
NorvègeOslo
85%
CroatieZagreb
85%
PologneVarsovie
84%
BulgarieSofia
83%
SuisseBerne
82%
RoumanieBucarest
82%
VaticanVatican
81%
République TchequePrague
79%
UkraineKiev
78%
IslandeReykjavik
77%
BiélorussieMinsk
76%
MalteLa Valette
75%
SuèdeStockholm
74%
Bosnie-HerzégovineSarajevo
72%
EstonieTallinn
71%
AlbanieTirana
71%
LettonieRiga
70%
LituanieVilnius
67%
SerbieBelgrade
58%
ChypreNicosie
58%
LiechtensteinVaduz
58%
SlovénieLjubljana
55%
SlovaquieBratislava
54%
Macédoine du NordSkopje
50%
MoldavieChisinau
49%
KosovoPristina
49%
MonténégroPodgorica
42%

Distribution des résultats

Percentile par nombre de réponses

% des personnes avec chaque résultat

Votre développement - résultats

Vous n’avez pas pris ce quiz